| 000 | 00350nam a22001457a 4500 | ||
|---|---|---|---|
| 003 | OSt | ||
| 005 | 20220103150106.0 | ||
| 008 | 220103b |||||||| |||| 00| 0 eng d | ||
| 020 | _a0070286329 | ||
| 040 | _cHU | ||
| 082 | _a001.424 | ||
| 100 |
_aHeyman _923711 |
||
| 245 | _aStochastic Models In Operations Research Volume II | ||
| 942 |
_2ddc _cBOOKS _n0 |
||
| 999 |
_c25820 _d25820 |
||